Minimálne požiadavky na bezpečnosť európskych tunelov
Riešenie otázky bezpečnosti európskych cestných tunelov. Opatrenia navrhované Európskou komisiou. Návrh spoločnej európskej smernice na pôde Európskeho parlamentu a Rady Európy. Ustanovenia smernice dotýkajúce sa organizačného zabezpečenia prevádzky tunelov. Špecifikácia minimálnych požiadaviek na...
Guardado en:
| Autor principal: | |
|---|---|
| Formato: | Capítulo de libro |
| Lenguaje: | eslovaco |
| Materias: | |
| Etiquetas: |
Sin Etiquetas, Sea el primero en etiquetar este registro!
|
MARC
| LEADER | 00000naa$a2200000$$$4500 | ||
|---|---|---|---|
| 001 | 0004596 | ||
| 005 | 20230825085815.6 | ||
| 041 | 0 | |a slo | |
| 044 | |a SK | ||
| 245 | 1 | 0 | |a Minimálne požiadavky na bezpečnosť európskych tunelov |c aut. Aleš Janota |
| 520 | |a Riešenie otázky bezpečnosti európskych cestných tunelov. Opatrenia navrhované Európskou komisiou. Návrh spoločnej európskej smernice na pôde Európskeho parlamentu a Rady Európy. Ustanovenia smernice dotýkajúce sa organizačného zabezpečenia prevádzky tunelov. Špecifikácia minimálnych požiadaviek na technické vybavenie tunela. Otázka bezpečnosti železničných tunelov a navrhované opatrenia. Minimálne bezpečnostné požiadavky na železničné tunely dĺžky 1-15 km. | ||
| 610 | 2 | 0 | |a doprava |
| 610 | 2 | 0 | |a doprava cestná |
| 610 | 2 | 0 | |a doprava železničná |
| 610 | 2 | 0 | |a tunely |
| 610 | 2 | 0 | |a bezpečnosť dopravy |
| 610 | 2 | 0 | |a Európa |
| 610 | 2 | 0 | |a Európska únia |
| 100 | 1 | |a Janota, Aleš | |